00831nam a2200217 a 450000100100000000500170001000800410002702000150006804000250008310000350010824500870014326000630023030000210029349000140031450400320032850400730036070000370043383000210047095201050049199900170059600004386120201002045018.0140507s1983 sp ac 000 0 spa d a8474833558 aDO-SdBNPbspacBNPHU1 aGarcía Barquero, Juan97173810aCien Años de Teatro Europeo /cJuan García Barquero, Antonio Zapatero Vicente. aMadrid :bDirección General de Música y Teatro,c1983. a183 p. ;c22 cm.1 aMusicalia aBibliografía : p. 181-183 aIncluye referencias bibliográficas y notas al pie de las páginas12aZapatero Vicente, Antonio971739 0aMusicalia971740 001050718MOaGRbGRcCTd2014-05-07iLF1l0o p43861-10r2020-06-25w2020-06-25y1ZNo se presta c43350d43350